[Event "Warsaw Maciei Memorial"]
[Site "Warsaw"]
[Date "2023.07.10"]
[Round "1"]
[White "Kaczmarek, Piotr"]
[Black "Kaliszuk, Kamil"]
[Result "0-1"]
[WhiteElo "1157"]
[BlackElo "2134"]
[PlyCount "87"]
[EventDate "2023.07.10"]
[EventType "swiss (blitz)"]
[EventRounds "11"]
[EventCountry "POL"]
[SourceTitle "CBM 215 Extra"]
[Source "ChessBase"]
[SourceDate "2023.09.30"]
[SourceVersion "1"]
[SourceVersionDate "2023.09.30"]
[SourceQuality "1"]

1. d4 d5 2. c4 e6 3. Nc3 c6 4. Nf3 dxc4 5. e4 b5 6. a4 Bb4 7. axb5 cxb5 8. Bd2 Bxc3 9. Bxc3 Bb7 10. d5 Nf6 11. dxe6 Qxd1+ 12. Rxd1 fxe6 13. Nd4 Nxe4 14. Nxe6 Na6 15. Nxg7+ Kf8 16. Ne6+ Ke7 17. Bxh8 Kxe6 18. Bc3 Nxc3 19. bxc3 Nc5 20. f3 Na4 21. Rc1 Rd8 22. Be2 a5 23. 0-0 Rd2 24. Rfe1 Kf7 25. Bd1 Nc5 26. Bc2 b4 27. cxb4 axb4 28. Bxh7 c3 29. Bc2 Bd5 30. Re5 Kf6 31. Rf5+ Ke7 32. Re5+ Kd6 33. Rg5 b3 34. Bxb3 Bxb3 35. Rxc3 Nd3 36. h4 Bd5 37. h5 Nf4 38. Ra3 Ke7 39. Ra6 Ne6 40. Re5 Kf6 41. Re1 Bc4 42. Rc6 Bd5 43. Rd6 Ke7 44. Ra6 0-1

[Event "Srem-ch LKS Piast"]
[Site "Srem"]
[Date "2017.02.17"]
[Round "2.4"]
[White "Kaczmarek, Piotr"]
[Black "Lisiecki, Robert"]
[Result "0-1"]
[WhiteElo "1765"]
[BlackElo "1785"]
[PlyCount "132"]
[EventDate "2017.02.17"]
[EventType "tourn"]
[EventRounds "9"]
[EventCountry "POL"]
[SourceTitle "EXT 2023"]
[Source "ChessBase"]
[SourceDate "2022.10.05"]
[SourceVersion "1"]
[SourceVersionDate "2022.10.05"]
[SourceQuality "1"]

1. e4 c5 2. Nf3 d6 3. d4 cxd4 4. Qxd4 Nc6 5. Bb5 Bd7 6. Qd3 Nf6 7. a3 g6 8. Nc3 Bg7 9. 0-0 0-0 10. h3 Rc8 11. Be3 Qc7 12. Rac1 Rfd8 13. Rfd1 Be6 14. Ng5 Ne5 15. Nxe6 fxe6 16. Qe2 a6 17. Bd3 Nfd7 18. Re1 Nb6 19. Nd1 Nec4 20. Bxb6 Nxb6 21. c4 d5 22. exd5 exd5 23. Qe6+ Kh8 24. c5 Na4 25. b4 Bf6 26. Ne3 Qd7 27. Nc2 Kg7 28. f4 Nb2 29. Bf1 Bh4 30. g3 Qxe6 31. Rxe6 Kf7 32. Rce1 Bf6 33. g4 h6 34. Rb6 Rc7 35. Rxf6+ exf6 36. Nd4 Re8 37. Rb1 Na4 38. Kf2 Nc3 39. Rc1 Ne4+ 40. Kg2 a5 41. Nb5 Rce7 42. Bd3 Kg7 43. f5 gxf5 44. gxf5 axb4 45. axb4 Ra8 46. Nd4 Ra2+ 47. Kg1 Ng5 48. Bc2 Nxh3+ 49. Kf1 Re3 50. b5 Rc3 51. c6 bxc6 52. bxc6 Nf4 53. Rb1 Rcxc2 54. Nxc2 Rxc2 55. Rb7+ Kf8 56. c7 Ke8 57. Rb4 Nd3 58. Rd4 Ne5 59. Rxd5 Rxc7 60. Ra5 Kf7 61. Ra8 Kg7 62. Ra3 h5 63. Rg3+ Ng4 64. Rb3 Kh6 65. Rb5 h4 66. Kg2 Kg5 0-1

[Event "Srem-ch LKS Piast"]
[Site "Srem"]
[Date "2017.02.17"]
[Round "9.5"]
[White "Kaczmarek, Piotr"]
[Black "Wlodarczak, Damian"]
[Result "1-0"]
[WhiteElo "1765"]
[BlackElo "1701"]
[PlyCount "119"]
[EventDate "2017.02.17"]
[EventType "tourn"]
[EventRounds "9"]
[EventCountry "POL"]
[SourceTitle "EXT 2023"]
[Source "ChessBase"]
[SourceDate "2022.10.05"]
[SourceVersion "1"]
[SourceVersionDate "2022.10.05"]
[SourceQuality "1"]

1. g3 g6 2. c4 Bg7 3. Bg2 f5 4. d4 Nf6 5. Nc3 0-0 6. Nf3 d6 7. 0-0 Nbd7 8. Ng5 Nb6 9. Qb3 c5 10. dxc5 dxc5 11. Rd1 Qc7 12. a4 h6 13. a5 Na4 14. Nb5 Qb8 15. Nf3 e5 16. Qxa4 a6 17. Nc3 e4 18. Bf4 Qa7 19. Ne1 b5 20. cxb5 axb5 21. Qxb5 Ba6 22. Qb6 Qf7 23. Qxc5 g5 24. Be3 Qg6 25. Nd5 Nxd5 26. Qxd5+ Kh8 27. Bd4 Bxe2 28. Bxg7+ Kxg7 29. Qe5+ Kg8 30. Rd6 Qh7 31. Qd5+ Kh8 32. Rc1 Ba6 33. Rd7 Qg6 34. Rc6 Qh5 35. Qe5+ Kg8 36. Qe6+ Rf7 37. Rxa6 Rxa6 38. Rd8+ Kg7 39. Qxa6 Re7 40. Qd6 Qf7 41. Qd4+ Kg6 42. Rd6+ Kh5 43. Qh8 Re6 44. Rxe6 Qxe6 45. Qd4 Qa6 46. Qd1+ Kg6 47. b4 Qb5 48. Qd2 h5 49. Bf1 Qe5 50. a6 f4 51. Nc2 h4 52. g4 e3 53. fxe3 f3 54. Qd4 f2+ 55. Kg2 Qc7 56. Bd3+ Kf7 57. Qd5+ Kf8 58. Qc5+ Qxc5 59. bxc5 h3+ 60. Kxf2 1-0

[Event "Srem-ch LKS Piast"]
[Site "Srem"]
[Date "2017.02.17"]
[Round "5.4"]
[White "Simon, Marek"]
[Black "Kaczmarek, Piotr"]
[Result "1/2-1/2"]
[WhiteElo "1851"]
[BlackElo "1765"]
[PlyCount "102"]
[EventDate "2017.02.17"]
[EventType "tourn"]
[EventRounds "9"]
[EventCountry "POL"]
[SourceTitle "EXT 2023"]
[Source "ChessBase"]
[SourceDate "2022.10.05"]
[SourceVersion "1"]
[SourceVersionDate "2022.10.05"]
[SourceQuality "1"]

1. d4 d5 2. c4 c6 3. Nf3 Nf6 4. Nc3 e6 5. Bg5 Be7 6. e3 Nbd7 7. cxd5 Nxd5 8. Bxe7 Qxe7 9. Nxd5 exd5 10. Bd3 Qb4+ 11. Qd2 a5 12. Qxb4 axb4 13. a3 bxa3 14. Rxa3 Rxa3 15. bxa3 Kd8 16. Ng5 Ke7 17. Kd2 h6 18. Nf3 Kd6 19. Bc2 b6 20. Ba4 Ba6 21. Rc1 Bc4 22. Rc3 Ra8 23. Bc2 b5 24. Nh4 g6 25. Nf3 Ra7 26. g3 c5 27. e4 dxe4 28. Bxe4 cxd4 29. Nxd4 Nc5 30. Bc2 Kd5 31. Ne2 Re7 32. Nf4+ Kd4 33. Re3 Rxe3 34. fxe3+ Ke5 35. Kc3 g5 36. Ng2 Ne4+ 37. Kb4 Be2 38. Ne1 Nf2 39. Bb3 f5 40. Bf7 Ne4 41. Be8 Nd6 42. Bc6 f4 43. exf4+ gxf4 44. Nf3+ Bxf3 45. Bxf3 fxg3 46. hxg3 Nf5 47. Be2 Nd4 48. Bf1 Nc2+ 49. Kb3 Nd4+ 50. Kb4 Nc2+ 51. Kb3 Nd4+ 1/2-1/2

[Event "Srem-ch LKS Piast"]
[Site "Srem"]
[Date "2015.02.22"]
[Round "5.5"]
[White "Kozlowski, Tomasz1"]
[Black "Kaczmarek, Piotr"]
[Result "1-0"]
[WhiteElo "1933"]
[BlackElo "1813"]
[PlyCount "62"]
[EventDate "2015.02.22"]
[EventType "tourn"]
[EventRounds "9"]
[EventCountry "POL"]
[SourceTitle "EXT 2023"]
[Source "ChessBase"]
[SourceDate "2022.10.05"]
[SourceVersion "1"]
[SourceVersionDate "2022.10.05"]
[SourceQuality "1"]

1. e4 c5 2. Nf3 Nc6 3. b3 e5 4. Bb2 d6 5. Bb5 Bd7 6. 0-0 Nf6 7. Re1 Be7 8. c3 0-0 9. d4 Qb6 10. Bxc6 Bxc6 11. d5 Bd7 12. Nbd2 Qc7 13. c4 Rab8 14. Qc2 Rfc8 15. Nf1 b5 16. Ne3 a5 17. Rad1 Bf8 18. Nh4 Ng4 19. Nhf5 g6 20. Nxg4 gxf5 21. exf5 f6 22. f4 bxc4 23. fxe5 fxe5 24. bxc4 Rb4 25. Bc3 Ba4 26. f6 Kh8 27. Qf5 Rbb8 28. Rd3 Rb7 29. Rg3 Qd8 30. h4 Qd7 31. Re4 Qf7 1-0

[Event "Srem-ch LKS Piast"]
[Site "Srem"]
[Date "2015.02.22"]
[Round "8.8"]
[White "Wlodarczak, Damian"]
[Black "Kaczmarek, Piotr"]
[Result "0-1"]
[WhiteElo "1639"]
[BlackElo "1813"]
[PlyCount "72"]
[EventDate "2015.02.22"]
[EventType "tourn"]
[EventRounds "9"]
[EventCountry "POL"]
[SourceTitle "EXT 2023"]
[Source "ChessBase"]
[SourceDate "2022.10.05"]
[SourceVersion "1"]
[SourceVersionDate "2022.10.05"]
[SourceQuality "1"]

1. e4 e5 2. Nf3 Nf6 3. Nc3 Nc6 4. Bc4 Bc5 5. 0-0 0-0 6. d3 d6 7. h3 a6 8. Bg5 Be6 9. Bb3 Qd7 10. Bxf6 gxf6 11. Nd5 Bxd5 12. Bxd5 Ne7 13. Bb3 Ng6 14. Kh2 Kh8 15. Qd2 Nf4 16. Nh4 Rg8 17. Rg1 Rxg2+ 18. Rxg2 Qxh3+ 19. Kg1 Nxg2 20. Qh6 Qxh4 21. Qxh4 Nxh4 22. Bxf7 Rf8 23. Be6 f5 24. exf5 Nxf5 25. Kg2 Ng7 26. Bb3 Rxf2+ 27. Kh3 c6 28. a4 Bd4 29. Rb1 d5 30. c3 Be3 31. Kg3 Rd2 32. Rf1 Bf4+ 33. Kf3 Rxd3+ 34. Kg4 Rg3+ 35. Kh4 Nf5+ 36. Kh5 Rg5# 0-1

[Event "POL-chT3 Wielkopolskie 1415"]
[Site "Poland"]
[Date "2014.12.07"]
[Round "3.29"]
[White "Kaczmarek, Piotr"]
[Black "Maslinski, Piotr"]
[Result "1-0"]
[WhiteElo "1813"]
[BlackElo "1566"]
[PlyCount "81"]
[EventDate "2014.11.30"]
[EventType "team-tourn"]
[EventRounds "11"]
[EventCountry "POL"]
[SourceTitle "EXT 2019"]
[Source "ChessBase"]
[SourceDate "2018.10.10"]
[SourceVersion "1"]
[SourceVersionDate "2018.10.10"]
[SourceQuality "1"]

1. e4 c6 2. d4 d5 3. Nd2 e6 4. Bd3 c5 5. exd5 Qxd5 6. Ngf3 cxd4 7. 0-0 Nc6 8. Be4 Qd8 9. Nb3 Bd7 10. Nfxd4 Rc8 11. Be3 a6 12. Qf3 Ne5 13. Qg3 Nc6 14. Rad1 Qc7 15. c3 Nf6 16. Bb1 Qxg3 17. hxg3 Be7 18. Nf3 Nd5 19. Bc5 b6 20. Bxe7 Kxe7 21. Rfe1 Nf6 22. a3 h6 23. Bd3 Nb8 24. Nbd4 b5 25. Nf5+ Kf8 26. Nd6 Rc7 27. Bf1 g6 28. Ne5 Bc6 29. Ndxf7 Nfd7 30. Nxh8 Nxe5 31. Rd8+ Ke7 32. Rxb8 Kf6 33. f4 Nc4 34. Bxc4 bxc4 35. Rg8 g5 36. fxg5+ hxg5 37. Rg6+ Kf5 38. Rexe6 Bd5 39. Rxa6 Rc8 40. Raf6+ Ke5 41. Nf7+ 1-0

[Event "Srem-ch LKS Piast"]
[Site "Srem"]
[Date "2014.02.??"]
[Round "9.4"]
[White "Kaczmarek, Piotr"]
[Black "Kolinski, Stanislaw"]
[Result "1/2-1/2"]
[WhiteElo "1878"]
[BlackElo "1846"]
[PlyCount "50"]
[EventDate "2014.02.22"]
[EventType "tourn"]
[EventRounds "9"]
[EventCountry "POL"]
[SourceTitle "EXT 2023"]
[Source "ChessBase"]
[SourceDate "2022.10.05"]
[SourceVersion "1"]
[SourceVersionDate "2022.10.05"]
[SourceQuality "1"]

1. b3 c5 2. e4 Nc6 3. Bb2 d6 4. Bb5 Bd7 5. f4 Nf6 6. Nc3 e6 7. Nf3 Be7 8. 0-0 0-0 9. Re1 a6 10. Bf1 Qc7 11. g3 Rac8 12. Bg2 b5 13. d3 Rfd8 14. Ne2 e5 15. Nc3 Nd4 16. Nd5 Nxd5 17. exd5 Bg4 18. c4 Bf6 19. Bxd4 cxd4 20. h3 Bxf3 21. Qxf3 exf4 22. gxf4 Re8 23. Re4 Kf8 24. Rae1 Qd7 25. Rxe8+ Rxe8 1/2-1/2

[Event "Srem-ch LKS Piast"]
[Site "Srem"]
[Date "2014.02.??"]
[Round "5.5"]
[White "Skrzypczak, Michal"]
[Black "Kaczmarek, Piotr"]
[Result "0-1"]
[WhiteElo "1986"]
[BlackElo "1878"]
[PlyCount "130"]
[EventDate "2014.02.22"]
[EventType "tourn"]
[EventRounds "9"]
[EventCountry "POL"]
[SourceTitle "EXT 2023"]
[Source "ChessBase"]
[SourceDate "2022.10.05"]
[SourceVersion "1"]
[SourceVersionDate "2022.10.05"]
[SourceQuality "1"]

1. b3 e5 2. Bb2 f6 3. e4 c6 4. c4 Bc5 5. Nc3 d6 6. h3 Be6 7. Nf3 Ne7 8. d4 Bb4 9. a3 Bxc3+ 10. Bxc3 c5 11. d5 Bd7 12. Bd3 Na6 13. 0-0 Ng6 14. Bd2 Nc7 15. b4 b6 16. Nh2 0-0 17. Rb1 Na6 18. f4 exf4 19. Bxf4 Ne5 20. Nf3 Qe7 21. Bh2 Rae8 22. Re1 Rc8 23. Qe2 Be8 24. Nh4 Bd7 25. b5 Nc7 26. a4 Ra8 27. a5 Rfe8 28. Ra1 Rf8 29. Qc2 Qf7 30. Be2 Qe7 31. Bf1 Qf7 32. Qe2 Qe7 33. Ra3 Kh8 34. Rg3 g5 35. Nf3 Ng6 36. Qb2 Kg8 37. Qd2 Ne8 38. h4 g4 39. h5 Ne5 40. Nh4 Ng7 41. h6 Nh5 42. Ra3 Kh8 43. Rea1 bxa5 44. Bf4 Ng6 45. Nxg6+ hxg6 46. Rxa5 g5 47. Be3 Be8 48. b6 Bg6 49. Rxa7 Rxa7 50. Rxa7 Qxe4 51. b7 Rb8 52. Ra8 Qe8 53. Bd3 Bxd3 54. Qxd3 Rxa8 55. bxa8R Qxa8 56. Qc3 Kh7 57. Qe1 Qe8 58. Kf2 Qe4 59. Kf1 Ng3+ 60. Kf2 Nf5 61. Bd2 Qxe1+ 62. Bxe1 Kxh6 63. Ba5 Kg6 64. Bd8 Nh6 65. Be7 Nf7 0-1

[Event "POL-chT3 Wielkopolskie 1314"]
[Site "Poland"]
[Date "2013.10.27"]
[Round "1.5"]
[White "Kaczmarek, Piotr"]
[Black "Szymkowiak, Damian"]
[Result "0-1"]
[WhiteElo "1878"]
[BlackElo "1619"]
[PlyCount "122"]
[EventDate "2013.10.27"]
[EventType "team-tourn"]
[EventRounds "11"]
[EventCountry "POL"]
[SourceTitle "EXT 2015"]
[Source "ChessBase"]
[SourceDate "2014.11.20"]
[SourceVersion "1"]
[SourceVersionDate "2014.11.20"]
[SourceQuality "1"]
[WhiteTeam "Srem LKS Piast"]
[BlackTeam "Leszno Wieniawa"]
[WhiteTeamCountry "POL"]
[BlackTeamCountry "POL"]

1. e4 c5 2. c3 d5 3. exd5 Qxd5 4. d4 Nc6 5. Nf3 cxd4 6. cxd4 e6 7. Nc3 Qd8 8. a3 Nf6 9. Bd3 a6 10. Bc2 h6 11. 0-0 Bd6 12. b4 Ne7 13. Bb2 b6 14. Qe2 Bb7 15. Rac1 0-0 16. Rfd1 Ned5 17. g3 Rc8 18. Ne4 Qe7 19. Nxd6 Qxd6 20. Bd3 Rxc1 21. Rxc1 b5 22. Ne5 g6 23. f4 Kg7 24. Rc5 Rc8 25. Kf2 Nd7 26. Nxg6 fxg6 27. Qg4 Nf8 28. f5 exf5 29. Qf3 Re8 30. Bc2 Ne6 31. Bb3 Rd8 32. h4 Rd7 33. Qd3 f4 34. g4 f3 35. Rc2 Qh2+ 36. Kf1 Qh3+ 37. Kf2 Qxh4+ 38. Kf1 Qh1+ 39. Kf2 Nef4 40. Qxf3 Nh3+ 41. Kg3 Qxf3+ 42. Kxf3 Ng5+ 43. Kg3 Re7 44. Bc1 Ne4+ 45. Kh3 Ng5+ 46. Kg3 Rc7 47. Bxg5 Rxc2 48. Bxh6+ Kxh6 49. Bxc2 Ne3 50. Bd3 Bd5 51. Kf4 Nc4 52. g5+ Kh5 53. Be2+ Kh4 54. Bxc4 bxc4 55. a4 c3 56. Ke3 Kxg5 57. Kd3 Kf4 58. b5 axb5 59. axb5 g5 60. Kxc3 Ke3 61. b6 g4 0-1

[Event "Srem-ch LKS Piast"]
[Site "Srem"]
[Date "2013.04.12"]
[Round "7.2"]
[White "Kolinski, Stanislaw"]
[Black "Kaczmarek, Piotr"]
[Result "0-1"]
[WhiteElo "1865"]
[BlackElo "1831"]
[PlyCount "76"]
[EventDate "2013.02.23"]
[EventType "tourn"]
[EventRounds "9"]
[EventCountry "POL"]
[SourceTitle "EXT 2023"]
[Source "ChessBase"]
[SourceDate "2022.10.05"]
[SourceVersion "1"]
[SourceVersionDate "2022.10.05"]
[SourceQuality "1"]

1. c4 e5 2. g3 f5 3. Nc3 Nf6 4. Bg2 g6 5. d3 Bg7 6. Bg5 c6 7. e4 d6 8. Nge2 Be6 9. 0-0 0-0 10. Qd2 Qd7 11. b4 Na6 12. a3 Nc7 13. b5 fxe4 14. Bxf6 Bxf6 15. bxc6 bxc6 16. Nxe4 Bg7 17. Qb4 Na6 18. Qa5 Nc5 19. Nxc5 dxc5 20. Be4 Bh3 21. Qxc5 Bxf1 22. Bxc6 Qxd3 23. Qd5+ Qxd5 24. Bxd5+ Kh8 25. Kxf1 Rab8 26. Ra2 Rfc8 27. Nc3 Bf8 28. Ne4 Kg7 29. Ke2 h6 30. h4 Be7 31. f3 Kf8 32. Nf2 h5 33. Ne4 Bc5 34. Ng5 Ke7 35. Ne4 Rb6 36. Nxc5 Rxc5 37. a4 a5 38. Kd2 Rxd5+ 0-1

[Event "POL-chT 3rd League Wielkopolska 12/13"]
[Site "Poznan"]
[Date "2013.02.03"]
[Round "6.34"]
[White "Kaczmarek, Piotr"]
[Black "Wisniewski, Emil"]
[Result "0-1"]
[WhiteElo "1831"]
[BlackElo "1838"]
[PlyCount "68"]
[EventDate "2012.11.25"]
[EventType "team-tourn"]
[EventRounds "11"]
[EventCountry "POL"]
[SourceTitle "EXT 2014"]
[Source "ChessBase"]
[SourceDate "2013.11.20"]
[SourceVersion "1"]
[SourceVersionDate "2013.11.20"]
[SourceQuality "1"]
[WhiteTeam "Srem LKS Piast"]
[BlackTeam "Gniezno LKS Chrobry II"]
[WhiteTeamCountry "POL"]
[BlackTeamCountry "POL"]

1. e4 e6 2. d4 d5 3. Nd2 Nf6 4. e5 Nfd7 5. Bd3 c5 6. c3 Nc6 7. Ne2 Qb6 8. Nf3 cxd4 9. cxd4 f6 10. exf6 Nxf6 11. 0-0 Bd6 12. a3 0-0 13. b4 e5 14. dxe5 Nxe5 15. Be3 Nxf3+ 16. gxf3 Qd8 17. Kg2 Qd7 18. Ng3 Qh3+ 19. Kg1 Nh5 20. f4 Nxf4 21. Bxf4 Rxf4 22. Qh5 Qxh5 23. Nxh5 Rh4 24. Ng3 a5 25. b5 Ra4 26. Bc2 Rxa3 27. Rxa3 Bxa3 28. Bb3 Be6 29. Rd1 a4 30. Bxd5 Bxd5 31. Rxd5 Bb2 32. Ne4 a3 33. Nd2 a2 34. Nb3 Ra3 0-1

[Event "ZN-2013-0-02176"]
[Site "LSS email"]
[Date "2013.01.17"]
[Round "?"]
[White "Vaculik, Jakub"]
[Black "Kaczmarek, Piotr"]
[Result "0-1"]
[WhiteElo "847"]
[BlackElo "800"]
[PlyCount "42"]
[EventDate "2013.01.13"]
[EventType "match (corr)"]
[EventRounds "2"]
[EventCountry "GER"]
[SourceTitle "Telechess CBM 159"]
[Source "ChessBase"]
[SourceDate "2014.03.17"]
[SourceVersion "1"]
[SourceVersionDate "2014.03.17"]
[SourceQuality "1"]

1. e4 c6 2. d4 d5 3. e5 c5 4. c3 Nc6 5. Nf3 Bg4 6. Be2 e6 7. 0-0 Bxf3 8. Bxf3 cxd4 9. cxd4 Qb6 10. Be3 Qxb2 11. Nd2 Nge7 12. Nb3 Qa3 13. Qd2 Nf5 14. Bg4 Nxe3 15. fxe3 Bb4 16. Qf2 0-0 17. Bf3 f5 18. Qh4 Be7 19. Qe1 a5 20. Nd2 Bg5 21. Kf2 Nb4 0-1

[Event "OP-2013-0-02592"]
[Site "LSS email"]
[Date "2013.01.16"]
[Round "?"]
[White "Kaczmarek, Piotr"]
[Black "Ochoa, Fernandez"]
[Result "0-1"]
[WhiteElo "800"]
[BlackElo "1159"]
[PlyCount "36"]
[EventDate "2013.01.13"]
[EventType "tourn (corr)"]
[EventRounds "4"]
[EventCountry "GER"]
[SourceTitle "Corr 2015"]
[Source "ChessBase"]
[SourceDate "2015.07.17"]
[SourceVersion "1"]
[SourceVersionDate "2015.07.17"]
[SourceQuality "1"]

1. e4 e5 2. Nf3 Nc6 3. c3 Nge7 4. Bc4 d5 5. exd5 Nxd5 6. Qb3 Na5 7. Qa4+ c6 8. Bf1 Be7 9. b4 e4 10. Nd4 Nxb4 11. Ba3 b5 12. Nxb5 Nd3+ 13. Bxd3 exd3 14. Nd4 0-0 15. 0-0 c5 16. Nb3 Nxb3 17. axb3 Bb7 18. Qc4 Bd6 0-1

[Event "POL-chT 3rd League Wielkopolska 12/13"]
[Site "Poznan"]
[Date "2012.11.25"]
[Round "1.23"]
[White "Kaczmarek, Piotr"]
[Black "Plonczak, Mateusz"]
[Result "1/2-1/2"]
[WhiteElo "1831"]
[BlackElo "1962"]
[PlyCount "83"]
[EventDate "2012.11.25"]
[EventType "team-tourn"]
[EventRounds "11"]
[EventCountry "POL"]
[SourceTitle "EXT 2014"]
[Source "ChessBase"]
[SourceDate "2013.11.20"]
[SourceVersion "1"]
[SourceVersionDate "2013.11.20"]
[SourceQuality "1"]
[WhiteTeam "Srem LKS Piast"]
[BlackTeam "Kornik MUKS Wieza Kornicka"]
[WhiteTeamCountry "POL"]
[BlackTeamCountry "POL"]

1. Nc3 d5 2. e4 dxe4 3. Nxe4 Bf5 4. Ng3 Bg6 5. d4 e6 6. Nf3 Nf6 7. c3 Nbd7 8. Bd3 Bd6 9. 0-0 c6 10. a4 Qc7 11. a5 Bxd3 12. Qxd3 0-0 13. Bg5 h6 14. Bxf6 Nxf6 15. a6 b6 16. Ne4 Be7 17. Nxf6+ Bxf6 18. Qe4 c5 19. Rfd1 Rab8 20. d5 exd5 21. Rxd5 Rfe8 22. Qd3 Re7 23. Rd1 Rbe8 24. Qb5 Qc8 25. Rd7 Kf8 26. Kf1 Kg8 27. Rb7 Rd8 28. Rxd8+ Qxd8 29. Rxe7 Bxe7 30. Ke2 Bf6 31. Qd3 Qe7+ 32. Kd2 Kf8 33. Qd5 Ke8 34. Kd3 Qd7 35. Ke4 Qa4+ 36. b4 Qxa6 37. c4 cxb4 38. Qc6+ Ke7 39. Qc7+ Ke8 40. Qc6+ Ke7 41. Qc7+ Ke8 42. Qc6+ 1/2-1/2

[Event "POL-chT 2nd League"]
[Site "Lazy"]
[Date "2012.09.09"]
[Round "9"]
[White "Kaczmarek, Piotr"]
[Black "Jelonek, Michal"]
[Result "1/2-1/2"]
[WhiteElo "1839"]
[BlackElo "2015"]
[PlyCount "155"]
[EventDate "2012.09.01"]
[EventType "team-swiss"]
[EventRounds "9"]
[EventCountry "POL"]
[SourceTitle "EXT 2019"]
[Source "ChessBase"]
[SourceDate "2018.10.10"]
[SourceVersion "1"]
[SourceVersionDate "2018.10.10"]
[SourceQuality "1"]
[WhiteTeam "Srem LKS Piast"]
[BlackTeam "Dors"]
[WhiteTeamCountry "POL"]
[BlackTeamCountry "POL"]

1. e4 c5 2. Nf3 g6 3. d4 cxd4 4. Qxd4 Nf6 5. e5 Nc6 6. Qa4 Nd5 7. Qe4 Nc7 8. Nc3 Bg7 9. Bc4 b5 10. Bb3 Rb8 11. 0-0 0-0 12. Re1 Na5 13. Qh4 Nxb3 14. axb3 a6 15. Bh6 Ne6 16. Ne4 f6 17. Bxg7 Kxg7 18. exf6+ exf6 19. Qg3 Bb7 20. Nd6 Bxf3 21. gxf3 Rb6 22. Rad1 Kg8 23. Nf5 Kh8 24. Nd6 Qe7 25. c3 Qg7 26. b4 Ra8 27. Ra1 Kg8 28. Red1 f5 29. f4 Qf8 30. Qf3 Rab8 31. Qd5 Qe7 32. Rd3 Rc6 33. Rad1 Rbb6 34. Qe5 Qg7 35. Ne8 Qxe5 36. fxe5 Kf7 37. Nd6+ Ke7 38. b3 Nf4 39. Re3 Rxc3 40. Rxc3 Ne2+ 41. Kg2 Nxc3 42. Rd3 Rc6 43. Nb7 Ne4 44. f3 Rc2+ 45. Kg1 Rc1+ 46. Kg2 Rc2+ 47. Kg1 Rc3 48. Rxc3 Nxc3 49. Nc5 d6 50. exd6+ Kxd6 51. Kf2 Nd5 52. Nd3 Ne7 53. Nc5 Nd5 54. Nd3 Ne7 55. Nc5 Nd5 56. Nd3 Ke7 57. Kg3 Kf6 58. h4 h6 59. f4 g5 60. hxg5+ hxg5 61. fxg5+ Kxg5 62. Kf3 Kg6 63. Ne5+ Kf6 64. Nc6 Kg5 65. Ke2 f4 66. Kf3 Kf5 67. Nd4+ Ke5 68. Nc6+ Kd6 69. Nd4 Nxb4 70. Kxf4 Kc5 71. Ke4 Nc6 72. Nc2 a5 73. Ke3 Nb4 74. Nd4 a4 75. Nxb5 Nc2+ 76. Kd3 axb3 77. Kc3 Kxb5 78. Kxb3 1/2-1/2

[Event "Srem-ch LKS Piast"]
[Site "Srem"]
[Date "2012.04.21"]
[Round "8.4"]
[White "Kaczmarek, Piotr"]
[Black "Mrozek, Adam"]
[Result "1-0"]
[WhiteElo "1830"]
[BlackElo "1671"]
[PlyCount "31"]
[EventDate "2012.02.25"]
[EventType "tourn"]
[EventRounds "9"]
[EventCountry "POL"]
[SourceTitle "EXT 2023"]
[Source "ChessBase"]
[SourceDate "2022.10.05"]
[SourceVersion "1"]
[SourceVersionDate "2022.10.05"]
[SourceQuality "1"]

1. e4 c5 2. c3 e6 3. d4 cxd4 4. cxd4 d5 5. e5 Bb4+ 6. Nc3 Nc6 7. Nf3 Nge7 8. Bd3 0-0 9. Bxh7+ Kxh7 10. Ng5+ Kg8 11. Qh5 Bxc3+ 12. bxc3 Re8 13. Qxf7+ Kh8 14. Qh5+ Kg8 15. Ba3 Bd7 16. Qh7+ 1-0

[Event "Srem-ch LKS Piast"]
[Site "Srem"]
[Date "2012.03.31"]
[Round "6.5"]
[White "Kaczmarek, Piotr"]
[Black "Skrzypczak, Michal"]
[Result "0-1"]
[WhiteElo "1830"]
[BlackElo "1961"]
[PlyCount "96"]
[EventDate "2012.02.25"]
[EventType "tourn"]
[EventRounds "9"]
[EventCountry "POL"]
[SourceTitle "EXT 2023"]
[Source "ChessBase"]
[SourceDate "2022.10.05"]
[SourceVersion "1"]
[SourceVersionDate "2022.10.05"]
[SourceQuality "1"]

1. e4 e6 2. d4 d5 3. Nd2 c5 4. exd5 Qxd5 5. Ngf3 Nc6 6. Bc4 Qh5 7. 0-0 Nf6 8. Nb3 Bd6 9. Nxc5 0-0 10. c3 e5 11. dxe5 Nxe5 12. Qxd6 Nxc4 13. Qd4 Na5 14. b4 Nc6 15. Qh4 Qg6 16. Qg5 Qc2 17. Qd2 Qf5 18. Nd4 Nxd4 19. cxd4 b6 20. Nb3 Bb7 21. Bb2 Rfe8 22. Rfe1 Ne4 23. Qe3 Re6 24. d5 Qxd5 25. Qd4 Qg5 26. f3 Rg6 27. Re2 Nf6 28. Qf2 Nd5 29. Rae1 h6 30. Re5 f5 31. h4 Qf4 32. h5 Rg3 33. Bc1 Qh4 34. Rxf5 Nf6 35. Rf4 Qh3 36. Re3 Nxh5 37. Rg4 Rxg4 38. fxg4 Qxg4 39. Re7 Bd5 40. Qe2 Qg6 41. Re5 Nf6 42. Bb2 Rc8 43. Nd4 Bf7 44. Nf5 Kh7 45. Ne7 Qb1+ 46. Kh2 Rc2 47. Qd3+ g6 48. Re2 Rxb2 0-1

[Event "Srem-ch LKS Piast"]
[Site "Srem"]
[Date "2012.03.24"]
[Round "5.1"]
[White "Kaczmarek, Piotr"]
[Black "Kozlowski, Tomasz1"]
[Result "0-1"]
[WhiteElo "1830"]
[BlackElo "1963"]
[PlyCount "58"]
[EventDate "2012.02.25"]
[EventType "tourn"]
[EventRounds "9"]
[EventCountry "POL"]
[SourceTitle "EXT 2023"]
[Source "ChessBase"]
[SourceDate "2022.10.05"]
[SourceVersion "1"]
[SourceVersionDate "2022.10.05"]
[SourceQuality "1"]

1. e4 d6 2. d4 c6 3. Nf3 Bg4 4. c4 Nd7 5. Nc3 e5 6. d5 Ngf6 7. Be3 Qa5 8. Qd2 Bxf3 9. gxf3 a6 10. b4 Qc7 11. a4 Be7 12. a5 c5 13. b5 Nh5 14. Be2 h6 15. f4 Nxf4 16. Bxf4 exf4 17. b6 Qd8 18. Qxf4 Bf6 19. Qf3 Qe7 20. Rc1 g5 21. Qg4 Ne5 22. Qf5 Ng6 23. 0-0 Nh4 24. Qh3 h5 25. Bd1 g4 26. Qd3 Bd4 27. Ba4+ Kf8 28. Bd1 Nf3+ 29. Kh1 Qh4 0-1

[Event "POL-chT3 Wielkopolska 1112"]
[Site "Poland"]
[Date "2012.??.??"]
[Round "10.4"]
[White "Bruder, Adam"]
[Black "Kaczmarek, Piotr"]
[Result "0-1"]
[WhiteElo "1572"]
[BlackElo "1830"]
[PlyCount "34"]
[EventDate "2011.11.27"]
[EventType "team-tourn"]
[EventRounds "11"]
[EventCountry "POL"]
[SourceTitle "EXT 2014"]
[Source "ChessBase"]
[SourceDate "2013.11.20"]
[SourceVersion "1"]
[SourceVersionDate "2013.11.20"]
[SourceQuality "1"]
[WhiteTeam "Rawicz Korona Rawbud"]
[BlackTeam "Srem LKS Piast"]
[WhiteTeamCountry "POL"]
[BlackTeamCountry "POL"]

1. e4 d5 2. exd5 Nf6 3. c4 c6 4. d4 cxd5 5. c5 Nc6 6. Bf4 e5 7. dxe5 Ne4 8. f3 Nxc5 9. Nc3 Be6 10. Nb5 g5 11. Bxg5 Qxg5 12. Nc7+ Kd8 13. Nxa8 Qxe5+ 14. Qe2 Nd3+ 15. Kd2 Bh6+ 16. Kc2 Qxb2+ 17. Kxd3 Nb4# 0-1